01382nam a22002417a 450000500170000000800410001702000180005804000070007604100120008308200200009510000170011524500310013226000280016330000280019136500530021952007210027265000270099365000270102065000340104765000120108170000190109370000280111220231218111501.0231218b ||||| |||| 00| 0 eng d a9780241301111 cAL aEnglish 223a370.1bFREP aPaulo Freire aPedagogy of the Oppressed  aUKbPenguin Booksc2017 a156 p.bPBc19.2x13 cm. a6687b₹399.00c₹d₹499.00e20%f12-12-2023 a'The foremost work on the key democratic task: helping people to identify and challenge the sources of their oppression ... a transformative text' George Monbiot, Guardian Arguing that 'education is freedom', Paulo Freire's radical international classic contends that traditional teaching styles keep the poor powerless by treating them as passive, silent recipients of knowledge. Grounded in Freire's own experience teaching impoverished and illiterate students in his native Brazil and over the world, this pioneering book instead suggests that through co-operation, dialogue and critical thinking, every human being can develop a sense of self and fulfil their right to be heard. 'Truly revolutionary' Ivan Illich a Education--Philosophy a Education--Philosophy aPopular education--Philosophy aLiberty aFREIRE (Paulo) aRAMOS (Myra Bergman) Tr